| 000 | 00834cam a22001814a 4500 | ||
|---|---|---|---|
| 005 | 20250605164402.0 | ||
| 008 | 250528s ||||||||||||||||||||||||d | ||
| 035 | _a24654 | ||
| 040 |
_aGR-AtMCL _bgre _dGR-AtMCL _eAACR2 |
||
| 245 | 1 | _aΤο Ασφαλιστικό Πρέπει να Αποσυνδεθεί από τον Εκλογικό Κύκλο | |
| 260 |
_bMorax Media S.A, _c2020 |
||
| 300 | _a84 | ||
| 520 | _aΗ Μεγαλύτερη Πρόκληση του 21ου Αιώνα, Data Breach: Το Τέλος της Ιδιωτικότητας, Οι Παραβιάσεις Δεδομένων Τερματίζουν Καριέρες, Το Δημογραφικό Πρόβλημα στην Ελλάδα. | ||
| 700 | 1 |
_aΜωράκης Φίλιππος _99500 |
|
| 942 | _cCR | ||
| 999 |
_c9521 _d9521 |
||